Skip to content
VuFind
All Fields
Title
Author
Subject
Call Number
ISBN/ISSN
Tag
Find
Advanced
World famous folk tales
Cite this
Print
Export Record
Export to RefWorks
Export to EndNoteWeb
Export to EndNote
Export to MARC
World famous folk tales
Bibliographic Details
Format:
Book
Holdings
Description
Similar Items
Staff View
MARC
LEADER
00000cam a2200000 7i4500
001
0000009622
002
000010485
005
20000330.0
020
|a
9839024116
090
0
0
|a
398.2
|b
WOR
245
0
0
|a
World famous folk tales
999
|a
048412
|b
BUKU
|c
PINJAMAN
|e
PERPUSTAKAAN KOMUNITI PETALING JAYA
Similar Items
World famous folk tales
World famous folk tales
World famous folk tales
Published: (1992)
World famous folk tales
World famous folk tales
Published: (1992)